000 00883cab a2200205 4500
001 ##L132659
008 060227n2006 000 0 eng u
035 _a(Sirsi) u132659
041 0 _aeng
100 1 _aGrierson, James
245 0 0 _aLet go with control
260 _c2006
490 0 _aEstates Gazette
_v(0607) 18 February 2006, 130-131(2)
520 _aDiscusses in the first of two "Mainly for students" articles (see also L132841) the positive effects of outsourcing ancillary services. Describes what outsourcing consists of, the reasons for outsourcing, common anxieties about outsourcing and outsourcing as strategy. Explains why outsourcing matters to the corporate property professional. Provides a list of further reading.
590 _aIKA280206
690 _aMANAGEMENT-FACILITIES MANAGEMENT
700 1 _aFrench, Nick
700 1 _aDavis, Ron
942 _n0
999 _c76545
_d76545